| 000 | 00518nam a22001817a 4500 | ||
|---|---|---|---|
| 003 | OSt | ||
| 005 | 20180116183006.0 | ||
| 008 | 150806b xxu||||| |||| 00| 0 eng d | ||
| 020 | _a9789382291657 | ||
| 040 | _c0 | ||
| 082 |
_22nd _a332.66 STO 2013 |
||
| 100 | _aDavid P. Stowell | ||
| 245 |
_aInvestment Banks, Hedge Funds, and Private Equity _cDavid P. Stowell |
||
| 260 |
_aIndia _bAcademic Press _c2013 |
||
| 300 |
_a645 p. _bPB |
||
| 440 | _aInvestment Banks, Hedge Funds, and Private Equity | ||
| 942 |
_2ddc _cBK |
||
| 999 |
_c350054 _d350054 |
||